| 000 | 00655nam1a22002171i 4500 | ||
|---|---|---|---|
| 001 | rc\4281331 | ||
| 005 | 20240724140648.0 | ||
| 035 | _a(NLR Aleph) 008246184 | ||
| 090 |
_a8307272 _c8307272 |
||
| 100 | _a20130416d1968 |||y0rusy50 ca | ||
| 101 | 0 | _arus | |
| 102 | _aRU | ||
| 105 | _ay z ||||| | ||
| 200 | 1 |
_aБиблиотечка подсочника _e[1-13] |
|
| 210 |
_aМосква _cЛесная пром-сть _d1968 |
||
| 215 | _a13 т. в обертке | ||
| 300 | _aЭкз. РНБ (68-2/2340): деф.: отсутствует обертка | ||
| 801 | 0 |
_aRU _bNLR _gpsbo |
|
| 801 | 1 |
_aRU _bELAR _2rusmarc |
|
| 852 |
_aNLR _j68-2/2340 |
||
| 942 | _cBOOK | ||